Por una nueva catequesis: jalones para un nuevo proyecto catequético

Saved in:
Bibliografiske detaljer
Hovedforfatter: Derroitte, Henri (Author)
Format: Bog
Sprog:spansk
Udgivet: Santander Sal Terrae 2004
Fag:
Tags: Tilføj Tag
Ingen Tags, Vær først til at tagge denne postø!

MARC

LEADER 00000cam a2200000 a 4500
001 UCF9180
003 CL-VaPUC
008 131025e20040000sp |||||||||||||||||spa|d
020 |a 8429315632 
082 0 4 |a 268.6  |b DER  |2 21 
100 0 |a Derroitte, Henri  |e author  |9 571421 
245 1 0 |a Por una nueva catequesis: jalones para un nuevo proyecto catequético 
300 |a 141 p 
942 |c BK 
945 |d 20131025 12:28:00  |a dcastane 
260 |a Santander  |b Sal Terrae  |c 2004 
650 7 |a CATEQUISTAS  |2 CL-VaPUC  |9 481683 
650 0 |a Catequesis  |9 314526 
650 0 |a Educación religiosa   |9 308312 
583 |a last modification  |c 20131025 12:28:00  |k Rodrigo Vera 
999 |c 353664  |d 353662 
952 |0 0  |1 0  |3 erb  |4 0  |6 268_600000000000000_DER_2004  |7 0  |8 A  |9 459011  |a BIBTEO  |b BIBTEO  |d 2019-11-23  |i 5023181  |o 268.6 DER 2004  |p 5023181  |r 2025-01-17  |w 2019-11-23  |y BK  |z Catalogado en:20131025  |k ICR 
952 |0 0  |1 0  |3 erb  |4 0  |6 268_600000000000000_DER_2004  |7 0  |8 A  |9 459012  |a BIBTEO  |b BIBTEO  |i 5296447  |o 268.6 DER 2004  |p 5296447  |r 2025-01-17  |w 2019-11-23  |y BK  |z Catalogado en:20160708  |k ICR